<Die> Transformation der Ausbildung am Lehrstuhl für Warenkunde der Handelsfakultät an der Ökonomischen Universität in Bratislava
Salvato in:
| Autore principale: | |
|---|---|
| Natura: | Capitolo di libro |
| Lingua: | tedesco |
| Tags: |
Nessun Tag, puoi essere il primo ad aggiungerne!!
|
MARC
| LEADER | 00000naa a2200000 4500 | ||
|---|---|---|---|
| 001 | 0158105 | ||
| 005 | 20240502083351.4 | ||
| 041 | 0 | |a ger | |
| 044 | |a DE | ||
| 245 | 1 | 0 | |a <Die> Transformation der Ausbildung am Lehrstuhl für Warenkunde der Handelsfakultät an der Ökonomischen Universität in Bratislava |c Vojtech Kollár |
| 100 | 1 | |a Kollár, Vojtech | |